000078662 001__ 78662 000078662 005__ 20190326115355.0 000078662 037__ $$aTAZ-TFG-2018-1190 000078662 041__ $$aspa 000078662 1001_ $$aCorpas Escudero, Álvaro Ignacio 000078662 24200 $$aApplications and benefits of cooperative play in students of Secondary School 000078662 24500 $$aAplicación y beneficios del juego cooperativo en la etapa de Secundaria. 000078662 260__ $$aZaragoza$$bUniversidad de Zaragoza$$c2018 000078662 506__ $$aby-nc-sa$$bCreative Commons$$c3.0$$uhttp://creativecommons.org/licenses/by-nc-sa/3.0/ 000078662 520__ $$aEl uso de metodologías cooperativas cada vez tiene mayor protagonismo en los centros educativos. Este trabajo tiene el objetivo de remarcar las aplicaciones y beneficios que tienen los juegos cooperativos en los niños durante su etapa escolar de Secundaria. 000078662 521__ $$aGraduado en Ciencias de la Actividad Física y del Deporte 000078662 540__ $$aDerechos regulados por licencia Creative Commons 000078662 700__ $$aGarcía González, Luis$$edir. 000078662 7102_ $$aUniversidad de Zaragoza$$bExpresión Musical, Plástica y Corporal$$cDidáctica de la Expresión Corporal 000078662 8560_ $$f596182@celes.unizar.es 000078662 8564_ $$s991399$$uhttps://zaguan.unizar.es/record/78662/files/TAZ-TFG-2018-1190.pdf$$yMemoria (spa) 000078662 909CO $$ooai:zaguan.unizar.es:78662$$pdriver$$ptrabajos-fin-grado 000078662 950__ $$a 000078662 951__ $$adeposita:2019-03-26 000078662 980__ $$aTAZ$$bTFG$$cFCSHUES 000078662 999__ $$a20180610213350.CREATION_DATE